| 000 | 00505nam a2200181 4500 | ||
|---|---|---|---|
| 001 | 6100 | ||
| 010 | _a9728645309 | ||
| 021 | _b233666/05 | ||
| 090 | _a6100 | ||
| 100 | _a20070118d2005 m y0pory5003 ba | ||
| 200 | 1 |
_aMaria de Magdala _efábula gnóstica _fArmando Nascimento Rosa |
|
| 205 | _a[1ª ed.] | ||
| 210 | 9 |
_aLisboa _cParceria António Maria Pereira, _d2005 |
|
| 215 |
_a70 p. _d21 cm |
||
| 675 |
_a821.134.3-2 _vPT _zpor |
||
| 700 | 1 |
_aRosa, _bArmando Nascimento, _f1966- |
|
| 801 | 0 |
_aPT _bBMVN _gRPC |
|
| 990 | _cLIVROS | ||